El proceso de cambio a través del uso del rebozo (Record no. 10763)

MARC details
000 -CABECERA
campo de control de longitud fija 00755nam a2200229 a 4500
001 - NÚMERO DE CONTROL
campo de control BRL_1956
005 - FECHA Y HORA DE LA ÚLTIMA TRANSACCIÓN
campo de control 20190320211442.0
008 - DATOS DE LONGITUD FIJA--INFORMACIÓN GENERAL
campo de control de longitud fija 201216s1993----mx-a######---#000-0#spa-#
041 ## - CÓDIGO DE LENGUA
Código de lengua del texto/banda sonora o título independiente spa
044 ## - CÓDIGO DEL PAÍS DE LA ENTIDAD EDITORA/PRODUCTORA
Código MARC del país mx
050 #4 - SIGNATURA TOPOGRÁFICA DE LA BIBLIOTECA DEL CONGRESO
Número de clasificación LAS29
Número de documento/Ítem .T73 1993
100 1# - ENTRADA PRINCIPAL--NOMBRE DE PERSONA
Nombre de persona Trejo Castro, Juan
9 (RLIN) 28307
245 10 - MENCIÓN DE TÍTULO
Título El proceso de cambio a través del uso del rebozo
Resto del título caso de Tenancingo de Degollado Estado de México.
260 ## - PUBLICACIÓN, DISTRIBUCIÓN, ETC.
Lugar de publicación, distribución, etc. Toluca, México
Fecha de publicación, distribución, etc. 1993
300 ## - DESCRIPCIÓN FÍSICA
Extensión 100 p.
Otras características físicas il. cuadros
Dimensiones 28 cm.
500 ## - NOTA GENERAL
Nota general Au1256
502 ## - NOTA DE TESIS
Nota de tesis Tesis Licenciatura (Licenciado en Antropología Social) UAEM, Escuela de Antropología
650 14 - PUNTO DE ACCESO ADICIONAL DE MATERIA--TÉRMINO DE MATERIA
Término de materia o nombre geográfico como elemento de entrada Antropología social
Subdivisión geográfica México
9 (RLIN) 28002
700 1# - PUNTO DE ACCESO ADICIONAL--NOMBRE DE PERSONA
Nombre de persona Muñoz Samayoa, Fernando
Término indicativo de función/relación Director
9 (RLIN) 28308
902 ## - CATALOGADOR
Iniciales TERL
942 ## - ELEMENTOS DE PUNTO DE ACCESO ADICIONAL (KOHA)
Fuente del sistema de clasificación o colocación Library of Congress Classification
Tipo de ítem Koha Tesis
Holdings
Estado de retiro Estado de pérdida Estado dañado No para préstamo Localización permanente Ubicación/localización actual Fecha de adquisición Número de inventario Total de préstamos Signatura topográfica completa Código de barras Fecha visto por última vez Precio válido a partir de Tipo de ítem Koha
El ejemplar forma parte de la colección y puede ser consultado según las políticas vigentes.       Biblioteca Centro de Estudios Ruth D. Lechuga Biblioteca Centro de Estudios Ruth D. Lechuga 20/12/2016 Au1256   LAS29 .T73 1993 (Au1256) TERL00005 22/03/2019 22/03/2019 Tesis